| 000 | 01175cas a2200337 i 4500 | ||
|---|---|---|---|
| 999 |
_c200445878 _d64090 |
||
| 001 | 200445878 | ||
| 003 | TR-AnTOB | ||
| 005 | 20230113151025.0 | ||
| 007 | ta | ||
| 008 | 010223d19751999 000 tur d | ||
| 035 | _a(TR-AnTOB)200445878 | ||
| 040 |
_aT9K _beng _erda _cT9K _dTR-AnTOB |
||
| 041 | 0 |
_atur _aeng |
|
| 050 | 4 |
_aHG3883.T9 _bT87 |
|
| 090 |
_aHG3883.T9 _bT87 |
||
| 245 | 0 | 0 |
_aTürkiye'nin ödemeler dengesi istatistikleri = _bBalance of payments statistics of Turkey. |
| 246 | 3 | 1 | _aBalance of payments statistics of Turkey. |
| 264 | 1 |
_aAnkara : _bTürkiye Cumhuriyet Merkez Bankası, _c1990. |
|
| 300 |
_avolumes : _bgraphics, tables ; _c28 cm |
||
| 336 |
_2rdacontent _atext _btxt |
||
| 337 |
_2rdamedia _aunmediated _bn |
||
| 338 |
_2rdacarrier _avolume _bnc |
||
| 546 | _aText in Turkish and English. | ||
| 650 | 7 |
_aÖdemeler dengesi _zTürkiye _vİstatistikler _2etuturkob _961041 |
|
| 651 | 7 |
_aTürkiye _xEkonomik durum _vİstatistikler _2etuturkob _941748 |
|
| 710 | 2 |
_aTürkiye Cumhuriyet Merkez Bankası _934579 |
|
| 740 | 0 | _aBalance of payments statistics of Turkey. | |
| 942 |
_2lcc _cCR |
||